| 000 | 00815nam a22002777a 4500 | ||
|---|---|---|---|
| 003 | CHAP | ||
| 005 | 20220329140202.0 | ||
| 008 | 971013s1978 r 00010 d | ||
| 010 | _a48245 | ||
| 011 | _a49217 | ||
| 035 | _a53365 | ||
| 040 | _cCHAP | ||
| 082 |
_a674 _bR52 |
||
| 100 | 0 | 0 |
_aRichardson, Barry A. _997263 |
| 245 | _aWood preservation | ||
| 260 |
_aLancaster, England : _bconstruction Press, _c1978 |
||
| 300 |
_a238 p. _b: ilus. |
||
| 590 |
_aBATCH-UPD _b10 _c20130110 _lUCH01 _h2300 |
||
| 590 |
_aBATCH-UPD _b10 _c20130410 _lUCH01 _h1553 |
||
| 590 |
_aBATCH-UPD _b10 _c20130914 _lUCH01 _h1739 |
||
| 590 |
_aCONVERSION _b10 _c20130109 _lUCH01 _h1326 |
||
| 650 | 1 | 4 |
_aMadera _xPreservación. _969619 |
| 901 | _aBK | ||
| 942 | _cLIBRO | ||
| 949 |
_a674 R52 _bBC _cLIBRO _d33724000149761 _eLIBRO _h55309 _i53365 _si |
||
| 999 |
_c48245 _d48245 |
||